| 000 | 00386nam a2200133Ia 4500 | ||
|---|---|---|---|
| 008 | 231017s9999 xx 000 0 und d | ||
| 082 | _a363.125 | ||
| 082 | _bGUI | ||
| 245 | 0 | _aGuidelines for the development of road safety master plans | |
| 245 | 0 | _cCity of Tshwane Metropolitan Municipality | |
| 260 | _bCity of Tshwane Metropolitan Municipality | ||
| 300 | _c30cm | ||
| 942 | _cREP | ||
| 999 |
_c605564 _d605564 |
||